|
|
|
|
| LEADER |
00000nam0a2200000 4500 |
| 001 |
349617 |
| 005 |
20231102010223.0 |
| 035 |
|
|
|a (RuTPU)RU\TPU\retro\2363
|
| 090 |
|
|
|a 349617
|
| 100 |
|
|
|a 20180731d1955 km y0rusy50 ca
|
| 101 |
0 |
|
|a rus
|
| 102 |
|
|
|a RU
|
| 105 |
|
|
|a y z 000zy
|
| 200 |
1 |
|
|a Об увеличении производства продуктов животноводства
|e постановление Пленума ЦК КПСС, принятое 31 января 1955 по докладу тов. Н. С. Хрущева
|
| 210 |
|
|
|a Москва
|c Правда
|d 1955
|
| 215 |
|
|
|a 51 с.
|
| 316 |
|
|
|5 63413507: КР-5589
|a На обложке владельческая подпись "Бутаков"
|
| 317 |
|
|
|5 63413507: КР-5589
|a Поступила в НТБ в 1970 г. в составе книжного собрания профессора ТПИ И. Н. Бутакова
|
| 606 |
1 |
|
|a Животноводство
|x Продукты
|2 stltpush
|3 (RuTPU)RU\TPU\subj\10838
|9 37855
|
| 610 |
1 |
|
|a библиотека И. Н. Бутакова
|
| 610 |
1 |
|
|a сельское хозяйство
|
| 610 |
1 |
|
|a экономика
|
| 610 |
1 |
|
|a пленумы
|
| 610 |
1 |
|
|a ЦК КПСС
|
| 610 |
1 |
|
|a постановления
|
| 610 |
1 |
|
|a владельческая надпись
|
| 675 |
|
|
|a 636/.639
|v 4
|
| 801 |
|
1 |
|a RU
|b 63413507
|c 20180731
|
| 801 |
|
2 |
|a RU
|b 63413507
|c 20181227
|g RCR
|
| 942 |
|
|
|c BK
|